Les Temps modernes : XVIe-XVIIIe siècle (notice n° 2198376)
[ vue normale ]
| 000 -LEADER | |
|---|---|
| fixed length control field | 01703cam a2200157 4500500 |
| 005 - DATE AND TIME OF LATEST TRANSACTION | |
| control field | 20260405085536.0 |
| 041 ## - LANGUAGE CODE | |
| Language code of text/sound track or separate title | fre |
| 042 ## - AUTHENTICATION CODE | |
| Authentication code | dc |
| 100 10 - MAIN ENTRY--PERSONAL NAME | |
| Personal name | Bourdeu, Étienne |
| Relator term | author |
| 245 00 - TITLE STATEMENT | |
| Title | Les Temps modernes : XVIe-XVIIIe siècle |
| 260 ## - PUBLICATION, DISTRIBUTION, ETC. | |
| Name of publisher, distributor, etc. | Armand Colin,<br/> |
| Date of publication, distribution, etc. | 2018.<br/> |
| 520 ## - SUMMARY, ETC. | |
| Summary, etc. | De la Renaissance aux Lumières, la trajectoire historique semble rectiligne. Pourtant, l’Europe moderne est agitée par nombre de conflits, guerres de Religion, révoltes... Faisant le point sur cette période grâce à trois grandes parties chronologiques, ce livre s’adresse aux étudiants de L1 comme à ceux de CPGE ou à ceux qui préparent les concours de l’enseignement. Les différents aspects (politiques, socio-économiques, culturels…) de la période sont traités de façon claire et synthétique, en tenant compte des apports récents de l’historiographie.Ce manuel s’organise autour de trois temps forts :• COURS : chaque chapitre est structuré comme un cours (introduction, problématique, synthèse), accompagné d’outils (définitions, biographies, citations, zooms) et de mises au point sur des aspects essentiels de la période.• MÉTHODES : des exemples corrigés de dissertations et de commentaires de documents et d’images sont proposés, avec des fiches méthodes pour maîtriser ces exercices.• ATLAS : un atlas de seize cartes inédites en couleur complète ce livre.Tous les compléments numériques sont disponibles dans la rubrique "ressources numériques" |
| 700 10 - ADDED ENTRY--PERSONAL NAME | |
| Personal name | Cénat, Jean-Philippe |
| Relator term | author |
| 700 10 - ADDED ENTRY--PERSONAL NAME | |
| Personal name | Richardson, David |
| Relator term | author |
| 856 41 - ELECTRONIC LOCATION AND ACCESS | |
| Uniform Resource Identifier | <a href="https://shs.cairn.info/les-temps-modernes--9782200618414?lang=fr&redirect-ssocas=7080">https://shs.cairn.info/les-temps-modernes--9782200618414?lang=fr&redirect-ssocas=7080</a> |
Pas d'exemplaire disponible.




Réseaux sociaux